000 00436nam a2200169 a 4500
001 0494
005 20140414131911.0
008 040117s19uu xx 00 eng d
020 _a0-00-193223-3
050 _aER
_bB11 1990
100 _aYoung, Lesley
245 _aBabar :
_bBabar's first step /
_cLesley Young.
260 _aBritain :
_bCarnival,
_c1990.
300 _ap. ; cm.
650 _aElephants
_xfiction.
999 _c111195
_d111195